000 00345nam a2200133Ia 4500
003 OSt
008 201221b ||||| |||| 00| 0 eng d
082 _a005.4 AHC
100 _aAHO, Alfred, Sethi, Ravi.
245 _aCompilers: Principles, Techniques and Tools
260 _aN.Delhi
_b Pearson Eduction
_c 2005
300 _a780.
942 _2ddc
_cBK
999 _c5992
_d5992